Responses for Show #7232 - Tuesday, February 9, 2016

2016 College Championship semifinal game 2.

Contestants

[<< previous game]

Hannah Norem, a sophomore from Augustana University from Houston, Texas

Sam Deutsch, a junior at the University of Southern California from Bethesda, Maryland

Emily Bingham, a senior at Wright State University from Dayton, Ohio

[next game >>]

Jeopardy! Round responses

THE LEGEND & TRUTH OF SLEEPY HOLLOW
WHAT KIND OF ANIMAL ARE YOU?
4-SYLLABLE WORDS
STATE CAPITAL ATTRACTIONS
GEEK OUT
RECENT MUSIC
    $200 22
Ichabod Crane

Emily
    $200 21
a bat

Emily
    $200 8
orthopedic

Sam
    $200 13
Boston

Sam
    $200 16
notes

Sam
    $200 2
Katy Perry

Sam
    $400 23
the Headless Horseman

Emily
    $400 27
a monkey

Hannah
    $400 9
intermittent

Emily
    $400 15
Atlanta

Emily
    $400 17
(Emily: What is the iPhone 6?)

the iPhone 6s

EmilyHannah
    $400 3
"Weird Al"

Sam
    $600 24
the Revolutionary War

Emily
    $600 30
bears

Triple Stumper
    $600 10
alternative

Hannah
    $600 14
Springfield

Sam
    $600 19
Reddit

Hannah
    $600 4
"Riptide"

Emily
    $800 25
(Alex: Less than a minute to go now, Emily.)

brimstone

Triple Stumper
    $800 29
lizards

Triple Stumper
    $800 11
insomnia

Emily
    $800 1
Providence

Hannah
    $800 18
Faster Than Light

Triple Stumper
    $800 5
"Jumpman"

Sam
    $1000 26
Hessian

Sam
    $1000 28
ducks

Triple Stumper
    $1000 12
(Emily: What is identity?)

reciprocal

Emily
Triple Stumper
    $1,800 7
(Hannah: What is Nashville?)

Baton Rouge

Hannah
    $1000 20
Folding

Triple Stumper
    $1000 6
"All Of Me"

Hannah

Scores at the first commercial break (after clue 15):

Emily Sam Hannah
$1,200 $2,400 $600

Scores at the end of the Jeopardy! Round:

Emily Sam Hannah
$2,200 $3,600 $2,000

Double Jeopardy! Round responses

THE 2015 NOBEL PRIZES
RELIGION
IN THE "ZONE"
LEATHER
A HISTORY LESSON
EARLY 21st CENTURY CINEMA
    $400 15
DNA

Sam
    $400 18
a baptism

Sam
    $400 23
a calzone

Emily
    $400 21
a hide

Sam
    $400 17
(Sam: What is Europe?)

South America

EmilySam
    $400 3
Al Gore

Hannah
    $800 16
(Hannah: What is the Nobel Prize for Literature?)

the Nobel Prize for Economics

SamHannah
    $800 1
the Dalai Lama

Emily
    $800 26
ozone

Emily
    $800 20
saddle soap

Triple Stumper
    $800 10
Vienna

Emily
    $800 4
Creed

Sam
    $3,500 14
(Emily: What is a neutron?)

neutrinos

Emily
    $1200 2
Mormons

Sam
    $1200 19
patent

Triple Stumper
    $1200 11
Mao

Hannah
    $1200 5
Nanny McPhee

Emily
    $1600 24
(Alex: Less than a minute now.)

Tunisia

Triple Stumper
    $1600 6
the Torah

Hannah
    $1600 22
Spain

Hannah
    $1600 12
Nicaragua

Sam
    $1600 8
Julie & Julia

Hannah
    $2000 25
Chernobyl

Sam
    $3,500 7
Daoism

Hannah
    $2000 28
[The end-of-round signal sounds.]

The Dead Zone

Triple Stumper
    $2000 27
(Hannah: What is suede?)

chamois

Hannah
Triple Stumper
    $2000 13
the 95 Theses (of Martin Luther)

Emily
    $2000 9
Looper

Sam

Scores at the end of the Double Jeopardy! Round:

Emily Sam Hannah
$5,100 $12,800 $9,100

[wagering suggestions for these scores]

Final Jeopardy! Round responses

WORLD LITERATURE
EmilyWhat is The Metamorphosis?
$4,001
HannahWhat is Metamorphosis
$9,100
SamWhat is the Metamorphosis
$5,401
The Metamorphosis (by Franz Kafka)

Final scores:

Emily Sam Hannah
$9,101 $18,201 $18,200
3rd place: $10,000 Finalist 2nd place: $10,000

Game dynamics:

Coryat scores:

Emily Sam Hannah
$8,600 $12,800 $9,400
15 R,
3 W
(including 1 DD)
17 R,
1 W
12 R
(including 1 DD),
3 W
(including 1 DD)

Combined Coryat: $30,800

[game clues] [game scores] [suggest correction]

Game tape date: 2016-01-06
The J! Archive is created by fans, for fans. Scraping, republication, monetization, and malicious use prohibited; this site may use cookies and collect identifying information. See terms. The Jeopardy! game show and all elements thereof, including but not limited to copyright and trademark thereto, are the property of Jeopardy Productions, Inc. and are protected under law. This website is not affiliated with, sponsored by, or operated by Jeopardy Productions, Inc. Join the discussion at JBoard.tv.